Les Alain célèbres - Statistiques

Statistiques générales
  • Ce quiz a été pris 180 fois
  • Le résultat moyen est 5 sur 16
Statistiques - réponses
Par images Réponse % Correct
Alain Delon
92%
Alain Souchon
80%
Alain Prost
74%
Alain Bernard
68%
Alain Ducasse
51%
Alain Baschung
47%
Alain Barrière
39%
Alain Decaux
34%
Alain-Fournier
20%
Saint Alain de la Roche
20%
Alain Pascal
9%
Alain Barbetorte
4%
Alain Belmondo
4%
Alain Fergent
3%
Alain Paucard
1%
Alain Saint-Ogan
1%
Aucun quiz correspondant
Distribution des résultats
% des personnes avec chaque résultat
Percentile par nombre de réponses
Votre historique - résultats
Vous n’avez pas pris ce quiz